| 000 | 00894nam a2200265Ia 4500 | ||
|---|---|---|---|
| 003 | OSt | ||
| 005 | 20220204172358.0 | ||
| 008 | 210716s2007 xx 000 0 und d | ||
| 020 | _a0471730513 | ||
| 040 | _cAIMIT LIBRARY | ||
| 041 | _aeng | ||
| 082 |
_a657.48 _24 _bKIMP |
||
| 100 |
_aKimmel, Paul D. _916957 |
||
| 245 |
_aFinancial accounting: _btools for business decision making / _cBy Paul D. Kimmel, Jerry J. Weygandt and Donald E. Kieso. |
||
| 250 | _a4th ed. | ||
| 260 |
_aNew Jersey : _bJohn Wiley and Sons , _c2007. |
||
| 300 |
_axxxvii, 703p. ,A-26,I-16p. ; _c28 cm. |
||
| 650 |
_aFinancial Accounting _916958 |
||
| 650 |
_aAccounting Information System _916959 |
||
| 650 |
_aFinancial Statements _916960 |
||
| 650 |
_aReporting and Analyzing Inventory _916961 |
||
| 700 |
_aWeygandt, Jerry J. _916962 |
||
| 700 |
_aKieso, Donald E. _916963 |
||
| 942 |
_2ddc _cBK _e4 _k657.48 KIMP |
||
| 999 |
_c202942 _d202942 |
||